Southville International School and Colleges
Your cart is empty.
  • Cart
  • Lists
    Public lists list_1 View all
    Your lists Log in to create your own lists
  • Log in to your account
  • Your cookies
  • Search history
Southville International School and Colleges
  • Advanced search
  • Recent comments
  • Most popular
  • Libraries

Log in to your account

Log in with GOOGLE


If you do not have an external account, but do have a local account, you can still log in:

  1. Home
  2. MARC view: Pink pumpkins :
Normal view MARC view ISBD view

Pink pumpkins : (Record no. 102458)

[ view plain ]
MARC details
000 -LEADER
fixed length control field 00494nam a2200157 a 4500
005 - DATE AND TIME OF LATEST TRANSACTION
control field 20140412111236.0
008 - FIXED-LENGTH DATA ELEMENTS--GENERAL INFORMATION
fixed length control field 001117s19uu xx 00 eng d
020 ## - INTERNATIONAL STANDARD BOOK NUMBER
International Standard Book Number 0-8445-3134-0
050 ## - LIBRARY OF CONGRESS CALL NUMBER
Classification number TR(GS 428.6
Item number ELL L.6
100 ## - MAIN ENTRY--PERSONAL NAME
Personal name Eller, William
245 ## - TITLE STATEMENT
Title Pink pumpkins :
Remainder of title Laidlaw reading program, level 6 /
Statement of responsibility, etc William Eller, Kathleen B. Hester.
260 ## - PUBLICATION, DISTRIBUTION, ETC. (IMPRINT)
Place of publication, distribution, etc River Forest, Ill :
Name of publisher, distributor, etc Laidlaw Brothers,
Date of publication, distribution, etc 1980.
300 ## - PHYSICAL DESCRIPTION
Extent 128 p.
650 ## - SUBJECT ADDED ENTRY--TOPICAL TERM
Topical term or geographic name as entry element Reading -- study and teaching
Holdings
Withdrawn status Lost status Damaged status Home library Current library Shelving location Date acquired Total Checkouts Full call number Barcode Date last seen Price effective from Koha item type
      Elizalde Library Elizalde Library Teachers Reference Section 11/17/2000   TR(GS 428.6 ELL L.6 E1789 04/12/2014 04/12/2014 Books

Pink pumpkins :

APA

Eller W., . (1980). Pink pumpkins. River Forest, Ill: Laidlaw Brothers.

Chicago

Eller William, . 1980. Pink pumpkins. River Forest, Ill: Laidlaw Brothers.

Harvard

Eller W., . (1980). Pink pumpkins. River Forest, Ill: Laidlaw Brothers.

MLA

Eller William, . Pink pumpkins. River Forest, Ill: Laidlaw Brothers. 1980.

  • Place hold
  • Print
  • Cite
  • Add to your cart (remove)
  • Save record
    BIBTEX Dublin Core MARCXML MARC (non-Unicode/MARC-8) MARC (Unicode/UTF-8) MARC (Unicode/UTF-8, Standard) MODS (XML) RIS
  • More searches
    Search for this title in:
    Other Libraries (WorldCat) Other Databases (Google Scholar) Online Stores (Bookfinder.com) Open Library (openlibrary.org)

Exporting to Dublin Core...

SOUTHVILLE LIBRARY

Southville International School and Colleges Library

1281 Tropical Ave. Cor. Luxembourg St., BF Homes International, Las Pinas City

Tel. No. 8256374 / 252358 Loc. 117/146

Powered by Koha